Les villes européennes ayant des prénoms - Statistiques

Statistiques générales
  • Ce quiz a été pris 85 fois
  • Le résultat moyen est 6 sur 20
Statistiques - réponses
Indice Réponse % Correct
Connue pour sa Semaine internationale de la mode Milan
82%
Ville de la Renaissance et berceau du célèbre musée des Offices Florence
78%
Ville dont le nom signifie « sagesse », ornée de vestiges romains Sofia
71%
Sa place Stanislas est classée à l’UNESCO Nancy
57%
Bordée d'un célèbre lac aux villas somptueuses Côme
52%
Théâtre d’une tragédie de Shakespeare Vérone
48%
Ville portuaire où est né Christophe Colomb Gênes
40%
Département célèbre pour ses villes fortifiées Aude
29%
Son nom a donné celui d'une mer Adria
27%
Carrefour de civilisations sur une grande île méditerranéenne Palerme
22%
Réputée pour son vin pétillant à la fête du Palio Asti
18%
Ville sur un grand lac partagé par trois pays Constance
9%
Capitale d'une région réputée pour ses fêtes médiévales Léon
6%
Ville à l’extrémité nord-est d’une île et victime d’un célèbre séisme en 1908 Messine
6%
Capitale gourmande de la truffe blanche Alba
5%
Nom donné à plusieurs capitales, dont celle des Açores Victoria
1%
Ville aux vestiges romains dans la région de la mer Égée Augusta
0%
Ville dans les Balkans connue pour ses paysages de montagne Élena
0%
Ville grecque située dans une grande plaine et berceau légendaire de Achille Larissa
0%
Ville espagnole, traversée par le Duero Soria
0%
Aucun quiz correspondant
Distribution des résultats
% des personnes avec chaque résultat
Percentile par nombre de réponses
Votre historique - résultats
Vous n’avez pas pris ce quiz